[Event "XXVII RUS-chT Women 2020"]
[Site "Sochi"]
[Date "2020.11.25"]
[Round "6.21"]
[White "Grigorieva, Yulia"]
[Black "Goltseva, Ekaterina"]
[Result "0-1"]
[WhiteElo "2343"]
[BlackElo "2306"]
[Annotator "TA"]
[PlyCount "76"]
[EventDate "2020.11.19"]
[EventType "team-tourn"]
[EventCountry "RUS"]
[SourceTitle "playchess.com"]
[Source "ChessBase"]
[SourceQuality "1"]

{[%evp 16,76,21,0,8,0,0,0,0,0,0,8,12,-19,-27,-46,-46,-82,-62,-115,-104,-110,-104,-99,-103,-97,-86,-153,-52,-27,-30,-212,-224,-207,-214,-222,-218,-204,-202,-218,-218,-260,-202,-587,-581,-29979,-29980,-6387,-2345,-29983,-29984,-29991,-29992,-29992,-29993,-29993,-29994,-29995,-29994,-29997,-29998,-29998,-29999]} 1. d4 Nf6 2. c4 e6 3. Nc3 Bb4 4. e3 c5 5. Nge2 cxd4 6. exd4 O-O 7. a3 Be7 8. Nf4 d6 9. Be2 e5 {E42: Nimzo-Indian: Rubinstein: 4...c5 5 Ne2.} 10. Nfd5 Nxd5 11. Nxd5 Nc6 {The position is equal.} 12. dxe5 dxe5 13. O-O Bc5 {[#]} 14. b4 $146 ({Predecessor:} 14. Kh1 Bd4 15. Qb3 Rb8 16. Qg3 f5 17. Bg5 Qe8 18. f4 Bxb2 19. Rab1 exf4 20. Bxf4 {1-0 (32) Wallis,C (2348)-Sumets,A (2622) Trieste 2014}) 14... Bd4 15. Ra2 Be6 16. Qb3 {[#]} b5 $1 {[%mdl 512]} 17. Rd2 ({White should try} 17. Ne3 $15) (17. cxb5 Bxd5) 17... Rc8 $17 18. Rfd1 Ne7 {Hoping for ...bxc4.} 19. Ne3 Qc7 {[%cal Rb5c4]} 20. Rc2 Rfd8 21. Bb2 ({White should play} 21. a4) 21... Nf5 ({Better is} 21... Ng6 $17 {Threatens to win with ...Nf4.} 22. g3 f5) 22. Nxf5 $1 $15 Bxf5 23. c5 $2 {This costs White the game.} (23. Rcc1 $11 {and White is okay.}) 23... Bxc2 $19 24. Qxc2 Bxb2 25. Rxd8+ Rxd8 26. Qxb2 {[%mdl 4096] Endgame KQR-KQB} a6 27. h3 e4 28. Qc3 h6 29. a4 $2 (29. Qe3) 29... bxa4 30. Bxa6 Rd1+ 31. Bf1 Qd7 (31... Qd8 $142 32. Qc2 {[#]} Qd3 $1 {[%mdl 512]} 33. Qxd1 Qxd1 34. Kh2 Qxf1 35. c6 a3 36. h4 Qxf2 37. c7 Qf4+ 38. Kh3 Qxc7 39. b5 a2 40. b6 Qxb6 41. Kg4 a1=Q 42. h5 Qd1+ 43. Kh3 Qxh5+ 44. Kg3 Qe3#) 32. c6 {[#]} Qd3 $1 {Black mates.} 33. Qe5 Qxf1+ 34. Kh2 Qg1+ 35. Kg3 Rd3+ 36. Kh4 Qxf2+ 37. Kh5 g6+ 38. Kg4 f5+ {Weighted Error Value: White=0.73/Black=0.27} 0-1

[Event "XXVII RUS-chT Women 2020"]
[Site "Sochi"]
[Date "2020.11.25"]
[Round "6.22"]
[White "Vifleemskaia, Svetlana"]
[Black "Baiburina, Kamilla"]
[Result "1/2-1/2"]
[WhiteElo "1911"]
[BlackElo "1805"]
[Annotator "NA"]
[PlyCount "88"]
[EventDate "2020.11.19"]
[EventType "team-tourn"]
[EventCountry "RUS"]
[SourceTitle "playchess.com"]
[Source "ChessBase"]
[SourceQuality "1"]
[TimeControl "40/5400+30:1800+30"]

1. d4 {[%emt 0:00:00]} e6 {[%emt 0:00:00]} 2. c4 {[%emt 0:00:00]} b6 {[%emt 0:00:00]} 3. a3 {[%emt 0:01:11]} Bb7 {[%emt 0:00:04]} 4. Nc3 {[%emt 0:00:42]} Nf6 {[%emt 0:00:23]} 5. d5 {[%emt 0:01:33]} d6 {[%emt 0:07:46]} 6. e4 {[%emt 0:04:41]} Nbd7 {[%emt 0:03:47]} 7. Nge2 {[%emt 0:07:24]} g6 {[%emt 0:03:33]} 8. Ng3 {[%emt 0:05:31]} Bg7 {[%emt 0:02:40]} 9. Be2 {[%emt 0:03:38]} O-O {[%emt 0:02:07]} 10. O-O {[%emt 0:08:41]} Re8 {[%emt 0:05:11]} 11. Be3 {[%emt 0:12:13]} Qe7 {[%emt 0:07:17]} 12. Bd4 {[%emt 0:12:25]} a5 {[%emt 0:06:55]} 13. b4 {[%emt 0:07:40]} axb4 {[%emt 0:08:05]} 14. axb4 {[%emt 0:01:00]} Rxa1 {[%emt 0:08:11]} 15. Qxa1 {[%emt 0:00:05]} Ra8 {[%emt 0:00:11]} 16. Qb2 {[%emt 0:00:41]} h5 {[%emt 0:03:23]} 17. f3 {[%emt 0:06:38]} Qf8 {[%emt 0:02:45]} 18. Ra1 {[%emt 0:01:13]} Rxa1+ {[%emt 0:04:49]} 19. Qxa1 {[%emt 0:00:06]} Ne8 {[%emt 0:01:50]} 20. Nb5 {[%emt 0:00:56]} Bxd4+ {[%emt 0:02:53]} 21. Qxd4 {[%emt 0:00:27]} Ba6 {[%emt 0:02:43]} 22. Nc3 {[%emt 0:02:11]} Qg7 {[%emt 0:02:32]} 23. Qxg7+ {[%emt 0:01:26]} Kxg7 {[%emt 0:01:31]} 24. Nf1 {[%emt 0:04:11]} Nef6 {[%emt 0:05:10]} 25. Kf2 {[%emt 0:01:00]} Kf8 {[%emt 0:05:58]} 26. h4 {[%emt 0:01:11]} exd5 {[%emt 0:02:23]} 27. exd5 {[%emt 0:02:53]} Ne5 {[%emt 0:01:41]} 28. Nd2 {[%emt 0:02:17]} Ke7 {[%emt 0:02:40]} 29. Ke3 {[%emt 0:00:22]} Bb7 {[%emt 0:02:08]} 30. g3 {[%emt 0:09:37]} Ned7 {[%emt 0:01:27]} 31. f4 {[%emt 0:00:37]} Nb8 {[%emt 0:01:10]} 32. Nb5 {[%emt 0:01:08]} Kd8 {[%emt 0:00:37]} 33. Kd4 {[%emt 0:00:53]} Ba6 {[%emt 0:00:29]} 34. Na3 {[%emt 0:00:53]} c5+ {[%emt 0:00:51]} 35. dxc6 {[%emt 0:01:01]} Nxc6+ {[%emt 0:00:03]} 36. Kc3 {[%emt 0:00:04]} Ne7 {[%emt 0:00:54]} 37. Bd3 {[%emt 0:00:48]} d5 {[%emt 0:01:26]} 38. b5 {[%emt 0:00:22]} Bb7 {[%emt 0:00:23]} 39. Kd4 {[%emt 0:00:27]} Nd7 {[%emt 0:01:06]} 40. Nb3 {[%emt 0:00:00]} dxc4 {[%emt 0:00:00]} 41. Nxc4 {[%emt 0:01:02]} Bd5 {[%emt 0:04:16]} 42. Nbd2 {[%emt 0:07:20]} Kc7 {[%emt 0:02:25]} 43. Ne3 {[%emt 0:02:32]} Bb7 {[%emt 0:01:18]} 44. f5 {[%emt 0:01:45]} gxf5 {[%emt 0:08:58]} 1/2-1/2

[Event "XXVII RUS-chT Women 2020"]
[Site "Sochi"]
[Date "2020.11.25"]
[Round "6.23"]
[White "Idrisova, Roza"]
[Black "Zavivaeva, Emilia"]
[Result "0-1"]
[WhiteElo "1960"]
[BlackElo "1790"]
[Annotator "TA"]
[PlyCount "86"]
[EventDate "2020.11.19"]
[EventType "team-tourn"]
[EventCountry "RUS"]
[SourceTitle "playchess.com"]
[Source "ChessBase"]
[SourceQuality "1"]

{[%evp 16,85,2,5,4,8,2,-22,0,0,0,-8,-15,-14,-12,-12,4,-12,18,-15,-10,-8,0,0,0,0,0,-26,-25,-32,-6,-8,-7,-51,0,-28,-31,-27,-34,-59,-14,-42,0,-199,-61,-139,-137,-335,-333,-446,-440,-447,-430,-614,-608,-977,-943,-1429,-1395,-12839,-11741,-5289,-2474,-29992,-29993,-29993,-29994,-29997,-29998,-29998,-29999,-29999]} 1. Nf3 d5 2. d4 Nf6 3. Bg5 e6 4. Nbd2 Be7 5. e3 Nbd7 6. Bd3 O-O 7. O-O b6 8. Ne5 Bb7 9. f4 Ne4 {A47: 1 d4 Nf6 2 Nf3 b6: Torre, London and Colle Systems.} 10. Bxe7 Qxe7 11. Rf3 f5 {The position is equal.} 12. Nxd7 Qxd7 13. Rh3 Nxd2 14. Qxd2 {[#]} c5 $146 ({Predecessor:} 14... Rac8 15. Qe2 c5 {½-½ (15) Parfjonov,P (2252)-Jahnke,A (2049) Helsinki 1993}) 15. c3 Rf6 16. Rf1 Raf8 17. Rff3 Rg6 18. Rh4 Bc6 19. Rfh3 h6 20. Be2 Qe7 21. Qe1 Be8 22. Kh1 Kh7 23. Bh5 Rgf6 24. Bf3 Rg6 (24... Bg6 $15) 25. Qf2 b5 26. Bh5 Rgf6 27. Be2 b4 28. cxb4 cxb4 29. Rg3 $2 {[#]} (29. g4 $11 {and White stays safe.}) 29... Rg6 (29... Qc7 $1 $19 {Hoping for ...Qc1+.} 30. Bf1 Qc1) 30. Rhh3 (30. Rf3 $1 $15) 30... Qc7 $17 31. Rxg6 $2 {Now White is beyond hope.} (31. Qe1 $17 {is a better defense.}) 31... Bxg6 $19 32. Bf1 Qc1 33. Kg1 Rc8 {Threatens to win with ...Rc2.} 34. Qe2 (34. e4 $142 dxe4 35. Re3) 34... Rc2 35. Qa6 Qd2 36. Rf3 Bh5 37. Qxe6 Bxf3 38. Qxf5+ {[#]} Kg8 $1 {( -> ...Qf2+)} 39. Qe6+ {[#]} Kh8 $1 {Black mates.} 40. Qe8+ {[#]} Kh7 $1 41. Qb5 Qf2+ 42. Kh1 Bxg2+ 43. Bxg2 Qxg2# {Weighted Error Value: White=0.95/Black=0.14} 0-1

[Event "XXVII RUS-chT Women 2020"]
[Site "Sochi"]
[Date "2020.11.25"]
[Round "6.24"]
[White "Zavivaeva, Evelina"]
[Black "Absalyamova, Karina"]
[Result "0-1"]
[WhiteElo "1589"]
[BlackElo "1884"]
[Annotator "NA"]
[PlyCount "80"]
[EventDate "2020.11.19"]
[EventType "team-tourn"]
[EventCountry "RUS"]
[SourceTitle "playchess.com"]
[Source "ChessBase"]
[SourceQuality "1"]
[TimeControl "40/5400+30:1800+30"]

1. e4 {[%emt 0:00:00]} e6 {[%emt 0:00:00]} 2. d4 {[%emt 0:00:00]} d5 {[%emt 0:00:00]} 3. exd5 {[%emt 0:00:00]} exd5 {[%emt 0:00:00]} 4. Nf3 {[%emt 0:00:04]} Bd6 {[%emt 0:00:00]} 5. Bd3 {[%emt 0:00:08]} Nc6 {[%emt 0:00:01]} 6. O-O {[%emt 0:00:27]} Nge7 {[%emt 0:00:11]} 7. c3 {[%emt 0:00:26]} Bg4 {[%emt 0:00:28]} 8. Bg5 {[%emt 0:00:17]} f6 {[%emt 0:00:27]} 9. Bh4 {[%emt 0:00:15]} Qd7 {[%emt 0:00:20]} 10. Nbd2 {[%emt 0:00:41]} O-O-O {[%emt 0:02:17]} 11. b4 {[%emt 0:13:36]} Nf5 {[%emt 0:07:51]} 12. Bg3 {[%emt 0:00:49]} Nxg3 {[%emt 0:00:53]} 13. hxg3 {[%emt 0:00:57]} h5 {[%emt 0:01:10]} 14. b5 {[%emt 0:00:59]} Ne7 {[%emt 0:00:21]} 15. Qa4 {[%emt 0:01:02]} Kb8 {[%emt 0:00:17]} 16. c4 {[%emt 0:20:05]} dxc4 {[%emt 0:01:12]} 17. Qxc4 {[%emt 0:02:16]} Be6 {[%emt 0:12:14]} 18. Qc2 {[%emt 0:02:51]} Nd5 {[%emt 0:01:48]} 19. a3 {[%emt 0:12:23]} g5 {[%emt 0:05:39]} 20. Ne4 {[%emt 0:02:47]} h4 {[%emt 0:03:49]} 21. Nc5 {[%emt 0:07:28]} Bxc5 {[%emt 0:00:41]} 22. dxc5 hxg3 {[%emt 0:04:00]} 23. Rfe1 {[%emt 0:09:59]} Nf4 {[%emt 0:07:29]} 24. Be4 {[%emt 0:03:55]} f5 {[%emt 0:04:20]} 25. Rad1 {[%emt 0:08:22]} Qh7 {[%emt 0:05:50]} 26. Rxd8+ Rxd8 {[%emt 0:00:18]} 27. fxg3 {[%emt 0:01:12]} fxe4 {[%emt 0:11:27]} 28. gxf4 {[%emt 0:03:02]} g4 {[%emt 0:05:05]} 29. Ng5 {[%emt 0:00:53]} Qh4 {[%emt 0:01:08]} 30. Qxe4 {[%emt 0:05:51]} Bf5 {[%emt 0:04:55]} 31. Qe7 {[%emt 0:01:31]} Rh8 {[%emt 0:00:58]} 32. Nf7 {[%emt 0:01:58]} Qh2+ {[%emt 0:00:51]} 33. Kf1 {[%emt 0:00:38]} Bd3+ {[%emt 0:12:01]} 34. Kf2 {[%emt 0:00:14]} Qxf4+ {[%emt 0:00:06]} 35. Kg1 {[%emt 0:00:31]} Rc8 {[%emt 0:03:45]} 36. Qe3 {[%emt 0:01:11]} Qxf7 {[%emt 0:01:38]} 37. Qxd3 {[%emt 0:00:16]} Qh5 {[%emt 0:00:21]} 38. c6 {[%emt 0:01:07]} Rh8 {[%emt 0:01:38]} 39. Qe4 {[%emt 0:00:42]} g3 {[%emt 0:01:07]} 40. Kf1 {[%emt 0:00:00]} Rf8+ {[%emt 0:00:00]} 0-1

[Event "XXVII RUS-chT Women 2020"]
[Site "Sochi"]
[Date "2020.11.26"]
[Round "7.1"]
[White "Shuvalova, Polina"]
[Black "Getman, Tatyana"]
[Result "1/2-1/2"]
[WhiteElo "2454"]
[BlackElo "2303"]
[Annotator "TA"]
[PlyCount "131"]
[EventDate "2020.11.19"]
[EventType "team-tourn"]
[EventCountry "RUS"]
[SourceTitle "playchess.com"]
[Source "ChessBase"]
[SourceQuality "1"]

{[%evp 12,131,5,5,10,26,14,23,49,48,40,42,38,28,44,38,49,68,48,-13,-10,-15,-13,-77,-81,-98,-68,-121,-118,-198,-76,-177,-172,-189,-118,-165,-71,-201,-116,-129,-131,-146,-118,-117,-114,-125,-118,-140,-141,-124,-90,-179,-166,-167,-32,-69,-18,0,-17,-25,-17,-19,8,8,8,11,35,27,27,25,26,30,45,45,58,31,41,0,72,0,60,8,55,45,49,48,72,75,72,63,76,76,76,76,207,207,207,76,76,76,128,133,133,76,76,76,76,8,75,0,0,0,75,8,76,76,76,76,76,0,76,0]} 1. e4 e5 2. Bc4 Nf6 3. d3 c6 4. Nf3 d5 5. Bb3 Bd6 6. Nc3 d4 7. Ne2 Nbd7 {C24: Bishop's Opening: 2...Nf6.} 8. c3 dxc3 9. bxc3 O-O {White has an edge.} 10. Ng3 Nc5 11. Bc2 Re8 12. O-O {[#]} Bc7 $146 ({Predecessor:} 12... Bf8 13. Re1 Ncd7 14. a3 b6 15. d4 c5 16. h3 Bb7 17. d5 g6 18. c4 Bg7 {½-½ (28) Garcia Fernandez,C (2360)-Taboas Rodriguez,D (2266) Benidorm 2004}) 13. h3 b6 14. Re1 Ba6 {[%cal Rc5d3]} 15. d4 (15. Bg5 $14) 15... exd4 $11 16. cxd4 Bxg3 17. fxg3 (17. dxc5 $11 Qxd1 18. Rxd1) 17... Ncxe4 $17 {[%cal Bc5e4,Be4c3,Bc3e2][%mdl 32]} 18. Kh2 Nc3 19. Qd2 (19. Rxe8+ $15 Qxe8 20. Qd2) 19... Ne2 20. Bb2 (20. Bd3 $17 {might work better.} Bxd3 21. Qxd3 Nxc1 22. Rxe8+ Qxe8 23. Rxc1) 20... Ne4 (20... Qd6 $1 $19 {[%cal Rd6g3] is more deadly.} 21. Qg5 h6) 21. Qe3 (21. Bxe4 $17 {was forced.} Rxe4 22. Ng1) 21... N4xg3 $19 ({And not} 21... N2xg3 22. Ne5 $16) 22. Ne5 {[#]} Qf6 (22... Bc4 $1 $19 {[%mdl 512]} 23. Bb3 (23. Nxc4 Rxe3) 23... Bxb3 24. Qxb3 Qf6) 23. Rad1 {[#]} h5 (23... Bc4 $1 $19 {[%mdl 512] has better winning chances.} 24. Bc1 (24. Nxc4 Rxe3) 24... c5) 24. a4 {[#]} (24. Bb3 $17 {was called for.}) 24... h4 (24... Bc4 $1 $19 {[%mdl 512]} 25. Bb1 (25. Nxc4 Rxe3) 25... Rad8) 25. Qf3 Qxf3 26. Nxf3 Nf4 {Threatens to win with ...Be2.} 27. Nxh4 Nge2 28. Nf3 f6 29. Nh4 Bc4 30. Rd2 Nd5 31. Nf5 (31. Bg6 $17) 31... Re6 32. Ba3 b5 ({Black should play} 32... Rd8 $1 $19 {And now ...Ndf4 would win.} 33. Bd1 Ndc3) 33. Nd6 {[#]} Nef4 (33... Nxd4 $1 $15 {[%mdl 512]} 34. Be4 (34. Rxd4 Rxe1) 34... Nb3) 34. Rxe6 $11 Nxe6 35. Bf5 Nec7 36. Bd7 Rb8 37. Bxc6 a6 38. Bc5 Bb3 39. axb5 axb5 40. Rb2 Ba4 41. Ne4 Kf7 42. g4 Kg6 43. Nd6 Nc3 44. Ne4 (44. Bd7 $5 {[%cal Rd7f5]} Kh7 45. Ne4 $16) 44... N3d5 45. Nd6 Nc3 $1 46. Nf5 (46. Bd7 $14 Kh7 47. Ne4) 46... N7d5 47. Ne7+ $1 Nxe7 48. Bxe7 {Hoping for Bb4.} b4 49. Bxa4 Nxa4 50. Rxb4 Rxb4 51. Bxb4 $16 {[%mdl 4096] Endgame KB-KN} f5 52. Kg3 fxg4 (52... Nb6 $16) 53. Kxg4 $18 ({Don't do} 53. hxg4 $6 Nb6 $16) 53... Kf6 {[#]} 54. Bd6 (54. Ba5 $1 $18 {and the rest is easy.}) 54... g6 $16 55. Be5+ Ke6 (55... Kf7 $142) 56. Kg5 Kf7 57. Bh8 (57. d5 $142 {aiming for Bd4.} Nb6 58. d6) 57... Nb6 58. Kf4 Ke6 59. Ke4 (59. Be5 $16) 59... Nd5 (59... g5 $1 $11) 60. Kd3 Nf4+ {[%mdl 64] Double Attack} 61. Ke4 Nd5 {[#]} 62. Bg7 (62. h4 $1 $16) 62... Nb6 (62... g5 $1 $11) 63. Kf4 Nd5+ 64. Kg5 Kf7 65. Bh8 Nb6 $1 66. Kf4 {What a bad dream for Black.  Weighted Error Value: White=0.30/Black=0.22} (66. Bf6 $16) 1/2-1/2

[Event "XXVII RUS-chT Women 2020"]
[Site "Sochi"]
[Date "2020.11.26"]
[Round "7.2"]
[White "Nazarova, Anastasia"]
[Black "Kovalevskaya, Ekaterina"]
[Result "1/2-1/2"]
[WhiteElo "2190"]
[BlackElo "2386"]
[Annotator "TA"]
[PlyCount "69"]
[EventDate "2020.11.19"]
[EventType "team-tourn"]
[EventCountry "RUS"]
[SourceTitle "playchess.com"]
[Source "ChessBase"]
[SourceQuality "1"]

{[%evp 12,69,17,14,17,16,11,9,15,14,17,13,13,11,8,7,37,16,29,29,24,24,26,22,22,21,33,49,74,16,10,0,0,0,0,-71,152,132,94,88,101,0,0,0,0,0,0,0,0,0,0,0,78,0,0,0,79,0,0,0]} 1. e4 e5 2. Nf3 Nc6 3. Bb5 a6 4. Ba4 Nf6 5. d3 Bc5 6. c3 d6 7. O-O Ba7 {C78: Ruy Lopez: Archangelsk and Möller Defences.} 8. Nbd2 O-O 9. Re1 Ne7 10. Nf1 Ng6 11. h3 h6 12. Ng3 c5 {12...b5 is becoming the main line.} 13. Bc2 b5 14. d4 Qc7 {[#]} 15. d5 $146 ({Predecessor:} 15. Be3 Bb7 16. d5 c4 17. Nf5 Bxe3 18. fxe3 Bc8 19. g4 Qc5 20. Kh2 Bxf5 21. gxf5 {½-½ (67) Lakos,N (2350)-Frink,F (2227) Zalakaros 2003}) 15... c4 16. Nh2 a5 17. Ng4 Nxg4 18. hxg4 Nf4 19. Qf3 Qd7 20. Bxf4 (20. Nf5 $1 $16) 20... exf4 $11 21. Nf5 g6 $1 22. Nxh6+ Kg7 $1 {[%cal Rg7h6]} 23. g5 (23. Nf5+ $11 gxf5 24. Qxf4) 23... f6 $2 {[#]} (23... Qd8 $1 $17 {[%cal Rd8g5] stays on course.} 24. Qxf4 f6 25. Nf5+ gxf5 26. gxf6+ Qxf6 27. exf5 Rf7) 24. Nf5+ $1 $16 ({Don't blunder} 24. Qxf4 $2 fxg5 25. Qxg5 Bxf2+ 26. Kh2 Rh8 $19) 24... gxf5 25. exf5 {Threatens to win with Qh5.} Kg8 26. Re6 (26. gxf6 $16 Rxf6 27. Qxf4) 26... Qg7 $1 $11 27. gxf6 Rxf6 28. Re8+ $1 Rf8 29. f6 Qxf6 30. Qh5 {[%csl Gc2][%cal Rh5h7]} Rxe8 31. Qxe8+ {[%mdl 64] Double Attack} Qf8 (31... Kg7 $11 {remains equal.} 32. Re1 (32. Qc6 Qh4 $17) 32... Bf5 33. Qxa8 Bxf2+ 34. Kxf2 Qh4+ 35. Ke2 (35. Kf1 Qh1+ 36. Kf2 Qh4+ 37. Kf1 Qh1+ 38. Kf2 Qh4+ $11) 35... Bg4+ 36. Kf1 Qh1+ 37. Kf2 Qh4+ 38. Kf1 Qh1+ 39. Kf2 Qh4+ 40. Kf1) 32. Qg6+ {[%mdl 1024] White has strong compensation.} (32. Bh7+ $5 Kg7 33. Qg6+ Kh8 34. Re1 $16) 32... Qg7 {And now ...Qxg6 would win.} 33. Qe8+ {[%mdl 64] Double Attack} Qf8 {[#]} 34. Qg6+ ({White should play} 34. Bh7+ $1 $16 {[%mdl 512]} Kg7 (34... Kxh7 35. Qxf8) 35. Qg6+ Kh8 36. Re1) 34... Qg7 {Hoping for ...Qxg6.} 35. Qe8+ {[%mdl 64] Double Attack.  Weighted Error Value: White=0.19/Black=0.16} 1/2-1/2

[Event "XXVII RUS-chT Women 2020"]
[Site "Sochi"]
[Date "2020.11.26"]
[Round "7.3"]
[White "Bivol, Alina"]
[Black "Pogorelskikh, Sofia"]
[Result "1-0"]
[WhiteElo "2373"]
[BlackElo "2128"]
[Annotator "TA"]
[PlyCount "77"]
[EventDate "2020.11.19"]
[EventType "team-tourn"]
[EventCountry "RUS"]
[SourceTitle "playchess.com"]
[Source "ChessBase"]
[SourceQuality "1"]

{[%evp 9,77,16,39,4,2,-19,-16,-18,-13,-29,-16,-22,-15,-45,-49,-56,-51,-61,-37,-37,-31,-60,-62,-69,-20,-53,-12,-52,-52,-57,-23,-22,-13,-52,-46,-46,-33,-56,-47,-64,0,-102,-102,-143,0,-45,0,-143,-124,-137,-123,-127,-126,-110,-52,-105,-17,-24,0,-28,-41,-37,338,338,549,549,549,549,549,541]} 1. c4 Nf6 2. Nc3 e5 3. g3 g6 4. d4 exd4 5. Qxd4 d6 6. Bg5 {A21: English Opening: 1...e5 2 Nc3.} Bg7 $1 7. Nd5 Nbd7 8. Qe3+ {The position is equal.} Kf8 $1 {[#]} 9. Bg2 $146 ({Predecessor:} 9. Bh6 c6 10. Nxf6 Qxf6 11. Qd2 Ne5 12. Rc1 Bxh6 13. Qxh6+ Ke7 14. Qf4 Be6 15. b3 {0-1 (47) Zimmer,O (1971)-Tabatt,H (2318) Germany 2017}) 9... h6 10. Bxf6 Nxf6 11. Nf3 Nxd5 {[%mdl 64] [#] Discovered Attack} 12. cxd5 Bxb2 13. Rd1 Bf6 14. O-O Kg7 15. Rb1 Re8 16. Qd2 b6 17. Rfc1 Bf5 18. Rb4 a5 19. Rbc4 Ra7 20. Nd4 Bd7 21. Nc6 Bxc6 22. Rxc6 b5 23. e4 b4 24. f4 Qb8 (24... Rb7 $15) 25. Rb1 {[#]} (25. e5 $11 dxe5 26. Qf2) 25... Rb7 $1 $17 26. Ra6 Ra7 (26... b3 $17 {...bxa2 is the strong threat.} 27. Rxa5 b2) 27. Rc6 $15 Rb7 ({Black should try} 27... Qb7 $15) 28. Ra6 $1 $17 Rb5 29. Rc1 Bc3 30. Qd3 Qb7 31. Rc6 Kg8 (31... Rc5 $17 32. Rxc5 dxc5) 32. h4 (32. Kh1 $15) 32... h5 (32... Rb6 $17 33. Rxb6 Qxb6+ 34. Kf1 c5 35. dxc6 Qxc6) 33. Kh2 Rb6 34. Rc4 Qa6 35. Bf1 c6 $2 {[%mdl 8192] A mistake that costs the game.} (35... Qc8 $15 {stays ahead.}) 36. R4xc3 $18 {[%mdl 64] Discovered Attack} bxc3 $2 (36... Qxd3 37. Rxd3 cxd5 38. exd5 a4) 37. Qxa6 {White is clearly winning.} Rxa6 38. Bxa6 cxd5 39. exd5 {Weighted Error Value: White=0.18/Black=0.47} 1-0

[Event "XXVII RUS-chT Women 2020"]
[Site "Sochi"]
[Date "2020.11.26"]
[Round "7.4"]
[White "Yurasova, Daria"]
[Black "Dordzhieva, Dinara"]
[Result "1/2-1/2"]
[WhiteElo "2075"]
[BlackElo "2352"]
[Annotator "TA"]
[PlyCount "88"]
[EventDate "2020.11.19"]
[EventType "team-tourn"]
[EventCountry "RUS"]
[SourceTitle "playchess.com"]
[Source "ChessBase"]
[SourceQuality "1"]

{[%evp 14,88,9,0,10,1,15,1,6,0,0,0,0,-7,0,0,0,0,0,0,0,-18,-15,0,6,-35,-37,-46,-39,-83,-34,-34,-22,-22,-22,-27,-22,-42,-33,-58,-33,-30,-13,-61,-14,-29,-21,-36,-18,-11,0,-4,0,-62,0,0,0,-32,-8,-8,-8,-8,-8,-8,-8,-8,-8,-8,-8,-8,0,0,0,0,0,0,0]} 1. d4 Nf6 2. Nf3 e6 3. e3 c5 4. Bd3 b6 5. O-O Bb7 6. b3 Be7 7. c4 O-O 8. Nc3 cxd4 {E14: Queen's Indian: Classical Variation (4 e3).} 9. Nxd4 d5 10. cxd5 Nxd5 11. Bb2 Nxc3 12. Bxc3 Nd7 {[#]} 13. Bb5 $146 ({Predecessor:} 13. Qe2 Rc8 14. Rac1 Ba3 15. Rc2 Nc5 16. Bc4 a6 17. Rd1 Qg5 18. Nf3 Qe7 19. Bb2 Bxb2 20. Rxb2 {½-½ (46) Illingworth,M (2493)-Tang,A (2490) chess.com INT 2019}) 13... Rc8 14. Bb2 Nc5 15. Qg4 {[#] Threatens to win with Nc6!} Bf6 16. Rfd1 {Nc6! is the strong threat.} Qe7 17. Rac1 g6 18. Ba3 $1 Bg7 19. b4 h5 20. Qe2 $1 Ne4 $36 {[%mdl 2048] Black fights for an advantage.} 21. Bc6 Rfd8 {[#] aiming for ...Rxd4!} 22. Bxb7 Qxb7 23. Bb2 Rxc1 24. Rxc1 e5 25. Nb3 Qd7 26. f3 Ng5 27. b5 e4 {And now ...exf3 would win.} 28. Bxg7 {Strongly threatening Bf6.} Kxg7 29. f4 Ne6 30. Qc4 Qd3 31. Kf2 Kh7 32. g3 Rd5 (32... Kg8 {is more complex.} 33. Qxd3 Rxd3 34. Rc8+ Kg7 35. Rc4 f5) 33. a4 (33. Qxd3 $11 exd3 34. a4) 33... Qxc4 ({Better is} 33... Kg7 $15) 34. Rxc4 $15 {[%mdl 4096] Endgame KRN-KRN} Rd3 35. Rb4 (35. Nd4 $5 {[%cal Rd4e6]}) 35... Nc7 36. Nc1 {The position is equal.} Rd2+ 37. Ne2 Nd5 38. Rd4 Rxd4 39. Nxd4 $11 {KN-KN} Nc3 40. Nc6 Nxa4 41. Nxa7 Nc3 42. Nc8 Nd5 43. Nd6 f5 44. h3 Kg7 {Weighted Error Value: White=0.11/Black=0.10} 1/2-1/2

[Event "XXVII RUS-chT Women 2020"]
[Site "Sochi"]
[Date "2020.11.26"]
[Round "7.5"]
[White "Pogonina, Natalija"]
[Black "Zherebtsova, Alexandra"]
[Result "1-0"]
[WhiteElo "2475"]
[BlackElo "2204"]
[Annotator "TA"]
[PlyCount "65"]
[EventDate "2020.11.19"]
[EventType "team-tourn"]
[EventCountry "RUS"]
[SourceTitle "playchess.com"]
[Source "ChessBase"]
[SourceQuality "1"]

{[%evp 20,65,31,28,25,4,6,8,25,15,34,27,38,-20,-17,-9,0,0,0,0,53,43,61,61,61,61,68,68,93,99,127,166,367,356,352,335,417,404,412,411,454,441,418,416,604,600,730,648]} 1. d4 Nf6 2. c4 g6 3. Nc3 d5 4. cxd5 Nxd5 5. e4 Nxc3 6. bxc3 Bg7 7. Be3 O-O 8. Nf3 c5 9. Rc1 Qa5 10. Qd2 cxd4 11. cxd4 {[%cal Bc3d4,Bd4d5][%mdl 32]} Qxd2+ {D85: Exchange Grünfeld: Unusual White 7th moves and lines with 7 Nf3.} 12. Bxd2 Bg4 13. Be3 Nc6 {[%cal Bb8c6,Bc6b4,Bb4a2,Ba2c3,Bc3d1][%mdl 32] The position is equal.} 14. d5 Nb4 15. a3 Na2 16. Rc2 ({White should play} 16. Rc7 $14) 16... Nc3 $11 17. Nd4 {[#]} Nd1 $146 ({Don't play} 17... Nxe4 $6 18. f3 $16) ({Predecessor:} 17... Rfc8 18. h3 Bd7 19. Bd3 Ba4 20. Rb2 Nd1 21. Rb1 Nxe3 22. fxe3 Rc3 23. Ke2 Rxa3 24. Rxb7 {0-1 (39) Gaehwiler,G (2342)-Schreiner,P (2431) Graz 2015}) 18. Be2 $36 {[%mdl 2048] White is more active.} Nxe3 19. fxe3 Bxd4 (19... Bc8 $11) 20. exd4 $14 Rac8 21. Rxc8 Bxc8 {[%mdl 4096] Endgame KRB-KRB} 22. Kd2 Bd7 $1 23. Rb1 Rb8 24. Ba6 b5 {[#] Threatens to win with ...Rb6.} 25. Rc1 $1 b4 $2 (25... Rb6 {might work better.}) 26. axb4 $18 Rxb4 27. Rc7 $1 {[%csl LRa7,LRd7]} Rxd4+ 28. Ke3 Ra4 29. Bd3 ({Not} 29. Rxd7 Rxa6 30. Rxe7 Kf8 $16) 29... Bg4 {and the idea ...Kf8 leaves Black hopeful.} 30. Rxe7 Kf8 31. Rb7 a5 (31... f5 $142 32. d6 fxe4) 32. h3 Bd1 33. Rb1 {Weighted Error Value: White=0.06/Black=0.35} 1-0